| 000 | 00833 a2200169 4500 | ||
|---|---|---|---|
| 020 | _aSMS Fudan University, China | ||
| 082 | _a516.36 | ||
| 090 |
_c1493 _d1493 |
||
| 100 | _aCairlet, Philippe G. | ||
| 245 |
_aDifferential Geometry: Theory and Applications (Lecture Notes) _bAugust 7 - 18, 2006, School of Mathematical Sciences, Fudan University, Shanghai, China _cPhillippe G. Ciarlet |
||
| 260 |
_aShanghai, China _bSchool of Mathematical Sciences, Fudan University _c-- |
||
| 300 | _a103 | ||
| 830 | _aCIMPA School -- ISFMA Symposium | ||
| 942 |
_aSNS _cBK _k516.36 CIA |
||
| 999 |
_c30104 _d30104 |
||